| 000 | 01122cam a2200217 4500 | ||
|---|---|---|---|
| 001 | ##L135702 | ||
| 008 | 061127n2006 000 0 eng u | ||
| 035 | _a(Sirsi) u135702 | ||
| 041 | 0 | _aeng | |
| 050 | 0 | 4 | _a711.52 $2 18 |
| 110 | 2 |
_aCommission for Architecture and the Built Environment _94058 |
|
| 245 | 0 | 0 |
_aNew things happen _ba guide to the future Thames Gateway _h[electronic resource] |
| 260 |
_aLondon _bCABE _c2006 |
||
| 520 | _aPresents a vision for the future Thames Gateway, describing its character and identity. Highlights key ideas which should form the basis of planning policies, investment strategies, design decisions and environmental projects for individual places across the region. An accompanying map shows how the Gateway's places, parklands and connections are set to develop. | ||
| 590 | _aKA | ||
| 651 | 4 | _aTHAMES GATEWAY | |
| 651 | 4 | _aLONDON | |
| 690 | _aPROPERTY-PROPERTY MANAGEMENT-REGENERATION | ||
| 856 | 4 | 0 |
_uhttps://www.gtlon.co.uk/pdfs/New%20Things%20Happen%20A%20Guide%20to%20the%20Future%20Thames%20Gateway.pdf _zView the report free of charge at www.gtlon.co.uk |
| 942 | _n0 | ||
| 999 |
_c106164 _d106164 |
||